Rolový konflikt - a nielen pre ženy

Problém rolového konfliktu a rolového preťaženia, týkajúci sa zosúlaďovania zodpovednosti medzi sférou rodiny a práce (zamestnania). Vývin problematiky rolového konfliktu. Chápanie odlišnosti postavenia muža a ženy v rodine. Rolový konflikt vo výskume. Rodinný status mužov a žien. Správanie a postav...

Ausführliche Beschreibung

Gespeichert in:
Bibliographische Detailangaben
1. Verfasser: Repková, Kvetoslava
Format: Buchkapitel
Sprache:Slowakisch
Schlagworte:
Tags: Tag hinzufügen
Keine Tags, Fügen Sie das erste Tag hinzu!

MARC

LEADER 00000naa a2200000 4500
001 r020286
005 20230807093859.6
041 0 |a slo 
044 |a SK 
245 1 0 |a Rolový konflikt - a nielen pre ženy  |c Kvetoslava Repková 
520 |a Problém rolového konfliktu a rolového preťaženia, týkajúci sa zosúlaďovania zodpovednosti medzi sférou rodiny a práce (zamestnania). Vývin problematiky rolového konfliktu. Chápanie odlišnosti postavenia muža a ženy v rodine. Rolový konflikt vo výskume. Rodinný status mužov a žien. Správanie a postavenie mužov a žien v rodine. Otázky vývinu rodiny ako inštitúcie, s ohľadom na potrebu uznania porovnateľnosti spoločenského statusu práce v domácnosti, v starostlivosti o odkázaných členov rodiny a práce v zamestnaní. 
610 2 0 |a výskum sociologický 
610 2 0 |a rodina 
610 2 0 |a ženy 
610 2 0 |a postavenie žien 
610 2 0 |a muži 
610 2 0 |a postavenie sociálne 
610 2 0 |a konflikty 
610 2 0 |a starostlivosť o rodinu 
610 2 0 |a pojmy 
100 1 |a Repková, Kvetoslava